[Event "Marianske Lazne Open 2013"]
[Site "Marianske Lazne CZE"]
[Date "2013.01.25"]
[Round "8.24"]
[White "Ilandzis,S"]
[Black "Tejaswini,S"]
[Result "1/2-1/2"]
[WhiteElo "2172"]
[BlackElo "1868"]

1.d4 Nf6 2.Bg5 Ne4 3.Bh4 d5 4.e3 g6 5.Bd3 Nd6 6.Nf3 Bg7 7.O-O O-O 8.Bg3 Nf5
9.c4 Nxg3 10.fxg3 e6 11.Nc3 b6 12.e4 Bb7 13.cxd5 exd5 14.e5 a6 15.Qb3 Ra7
16.Rad1 c5 17.dxc5 bxc5 18.Qa3 c4 19.Qc5 Ra8 20.Bxc4 Nd7 21.Qb4 Rb8 22.Bb3 Nxe5
23.Nxe5 Bxe5 24.Qg4 Qb6+ 25.Kh1 d4 26.Nd5 Bxd5 27.Bxd5 Kg7 28.b3 Rbd8 29.Bc4 a5
30.Rd3 Qc6 31.a4 Qd7 32.Qe4 f6 33.g4 Qc7 34.h4 Rde8 35.Qf3 Rd8 36.Re1 Rde8  1/2-1/2

[Event "15th Nord-West Cup"]
[Site "Bad Zwischenahn GER"]
[Date "2013.01.26"]
[Round "4.5"]
[White "Schneider,Il"]
[Black "Jugelt,T"]
[Result "1/2-1/2"]
[WhiteElo "2492"]
[BlackElo "2394"]

1.d4 Nf6 2.Bg5 Ne4 3.Bf4 d5 4.e3 e6 5.Bd3 b6 6.Bxe4 dxe4 7.Nc3 Bb7 8.Qg4 h5
9.Qg3 h4 10.Qg4 Qd7 11.f3 f6 12.Qg6+ Qf7 13.Qxf7+  1/2-1/2

[Event "11th Gibraltar Masters"]
[Site "Caleta ENG"]
[Date "2013.01.27"]
[Round "6.62"]
[White "Grigoryan,Meri"]
[Black "Arvola,B"]
[Result "0-1"]
[WhiteElo "2025"]
[BlackElo "2309"]

1.d4 Nf6 2.Bg5 Ne4 3.Bf4 c5 4.f3 Nf6 5.d5 Nh5 6.Bg5 h6 7.Bh4 Qb6 8.Nd2 Qxb2
9.e4 d6 10.Ne2 g5 11.Rb1 Qxa2 12.Nc1 Qa5 13.Bf2 Bg7 14.Nb3 Qc7 15.Be2 Nf4
16.O-O O-O 17.Be3 a5 18.h4 a4 19.Nc1 a3 20.Na2 e5 21.hxg5 hxg5 22.Bc4 f5
23.g3 Nh3+ 24.Kg2 f4 25.Bf2 Nxf2 26.Rxf2 fxg3 27.Kxg3 Qf7 28.Qh1 Nd7 29.Kg2 Nf6
30.Rg1 Bd7 31.Kf1 Ng4 32.Re2 b5 33.Ke1 bxc4 34.fxg4 Rab8 35.Rf1 Qg6 36.Rxf8+ Bxf8
37.Qh3 Qh6 38.Qf3 Be7 39.Nxc4 Qh4+ 40.Qf2 Bb5  0-1

[Event "6th Gora Sw Anny OpA"]
[Site "Gora Swietej Anny POL"]
[Date "2013.01.27"]
[Round "3.6"]
[White "Tymrakiewicz,R"]
[Black "Mulet,P"]
[Result "0-1"]
[WhiteElo "2265"]
[BlackElo "2241"]

1.d4 Nf6 2.Bg5 Ne4 3.Bf4 c5 4.e3 Qb6 5.Nc3 Nxc3 6.bxc3 e6 7.Nf3 Qb2 8.Kd2 Nc6
9.Bd3 a6 10.Ng5 d5 11.Qf3 Be7 12.a4 cxd4 13.cxd4 Qb4+ 14.c3 Qb2+ 15.Bc2 Nb4
16.Rac1 Na2 17.Nxf7 Kxf7 18.e4 dxe4 19.Qxe4 Bd7 20.Rb1 Qxc3+ 21.Ke2 Bc6 22.Qd3 Qxd3+
23.Bxd3 Nc3+ 24.Kd2 Nxb1+ 25.Rxb1 Bd5 26.g4 h6 27.Bg3 Rac8 28.h4 Bf6 29.f4 Bxd4
30.f5 e5 31.Rf1 e4 32.Be2 Rhd8 33.g5 e3+ 34.Kd3 Bc4+  0-1

[Event "TCh-HUN 2012-13"]
[Site "Mako HUN"]
[Date "2013.01.27"]
[Round "6"]
[White "Galyas,M"]
[Black "Csonka,B"]
[Result "0-1"]
[WhiteElo "2429"]
[BlackElo "2287"]

1.d4 Nf6 2.Bg5 Ne4 3.Bf4 c5 4.f3 Qa5+ 5.c3 Nf6 6.d5 Qb6 7.e4 Qxb2 8.Nd2 Qxc3
9.Bc7 d6 10.Ne2 Qa3 11.Rb1 b6 12.Nc4 Qa6 13.Nc3 Qb7 14.Bxb6 axb6 15.Nxb6 g6
16.Nxa8 Qxa8 17.Qa4+ Qxa4 18.Nxa4 Nbd7 19.Nb6 Nxb6 20.Rxb6 Bg7 21.a4 O-O
22.Kd2 Nd7 23.Rc6 f5 24.Rc7 fxe4 25.fxe4 Bh6+ 26.Ke1 Nf6 27.Rxe7 Bd7 28.Bb5 Bxb5
29.axb5 Rb8 30.Rf1 Bg5 31.Re6 Ng4 32.Rxd6 Rxb5 33.Rc6 Ne5 34.Rc8+ Kg7 35.Rff8 Rb1+
36.Kf2 Rb2+ 37.Kf1 Rb1+ 38.Kf2 Rb2+ 39.Kf1 Ng4 40.Rg8+ Kf6 41.Rxc5 Rf2+ 42.Kg1 Be3
43.Rc3 Rc2+ 44.Rxe3 Rc1+  0-1

[Event "ITT ABC COLOR 2013"]
[Site "Asuncion PAR"]
[Date "2013.01.29"]
[Round "5.1"]
[White "Tristan,L"]
[Black "Jimenez,Joa"]
[Result "1-0"]
[WhiteElo "2454"]
[BlackElo "2202"]

1.d4 Nf6 2.Bg5 Ne4 3.Bf4 d5 4.f3 Nf6 5.Nc3 e6 6.e4 Bb4 7.Qd3 O-O 8.Bg5 Be7
9.O-O-O b6 10.Nh3 Bb7 11.e5 Nfd7 12.Bxe7 Qxe7 13.f4 c5 14.Ng5 f5 15.exf6 gxf6
16.Nf3 Nc6 17.Re1 Qd6 18.g3 cxd4 19.Nb5 Qc5 20.Nfxd4 Nxd4 21.Nxd4 e5 22.Bh3 exd4
23.Bxd7 Bc8 24.Bxc8 Raxc8 25.Kb1 Rfe8 26.Rxe8+ Rxe8 27.Rd1 Re4 28.a3 Qc8
29.Qb3 Qc4 30.Qf3 Qc8 31.Qh5 Qe6 32.Rd3 Kg7 33.Ka2 b5 34.Qd1 Qb6 35.Qg4+ Kh6
36.Qf5 Qd6 37.g4 Kg7 38.Rh3 h6 39.g5 fxg5 40.fxg5 Re6 41.gxh6+ Rxh6 42.Rg3+ Rg6
43.Rxg6+ Qxg6 44.Qxg6+ Kxg6 45.Kb1  1-0

[Event "11th Gibraltar Masters"]
[Site "Caleta ENG"]
[Date "2013.01.31"]
[Round "10.88"]
[White "Walton,A"]
[Black "Reppen,E"]
[Result "1-0"]
[WhiteElo "2153"]
[BlackElo "2005"]

1.d4 Nf6 2.Bg5 Ne4 3.Bf4 d5 4.e3 c5 5.Bd3 Nf6 6.c3 Nc6 7.Nd2 e6 8.Ngf3 Be7
9.h3 O-O 10.O-O Re8 11.Rc1 b6 12.Bb5 Bd7 13.Bd3 Bc8 14.Bb1 Bb7 15.e4 dxe4
16.Nxe4 cxd4 17.cxd4 Rc8 18.Qd3 g6 19.Rfd1 Qd5 20.Nc3 Qh5 21.Ne5 Nxe5 22.Bxe5 Red8
23.Ne2 Be4 24.Qa6 Rxc1 25.Rxc1 Bxb1 26.Rxb1 Qf5 27.Rc1 Ne4 28.f4 Bf6 29.g4 Nc5
30.gxf5 Nxa6 31.Bxf6 Re8 32.fxg6 hxg6 33.a3 Nb8 34.Rc7 a6 35.Nc3 b5 36.Ne4 a5
37.Nd6 Rf8 38.Be7 Na6 39.Ra7  1-0

[Event "TCh-SWE Elite 2012-13"]
[Site "Sweden SWE"]
[Date "2013.02.01"]
[Round "1"]
[White "Lindberg,Bo"]
[Black "Hedman,E"]
[Result "1-0"]
[WhiteElo "2403"]
[BlackElo "2373"]

1.d4 Nf6 2.Bg5 Ne4 3.Bf4 c5 4.f3 Qa5+ 5.c3 Nf6 6.Nd2 cxd4 7.Nc4 Qd8 8.Qxd4 b5
9.Ne5 d6 10.Ng4 Bxg4 11.fxg4 e5 12.Qe3 Nbd7 13.Bg5 Nxg4 14.Qf3 Ngf6 15.e4 Qb6
16.Bd3 Be7 17.Ne2 Nc5 18.Bc2 Ne6 19.Be3 Qb7 20.O-O h5 21.b4 h4 22.a4 a6 23.Kh1 g5
24.Ra3 Nf4 25.Nxf4 gxf4 26.Bf2 Nh5 27.Rfa1 bxa4 28.Rxa4 Ng3+ 29.Kg1 f5 30.exf5 Qxf3
31.gxf3 Ne2+ 32.Kf1 Nxc3 33.Rxa6 Rc8 34.f6 Bxf6 35.Rxd6 Be7 36.Re6 Kd7 37.Bf5  1-0

[Event "TCh-AUT 2 East 2012-13"]
[Site "Austria AUT"]
[Date "2013.02.02"]
[Round "6.4"]
[White "Buchnicek,P"]
[Black "Sadilek,P"]
[Result "1/2-1/2"]
[WhiteElo "2352"]
[BlackElo "2248"]

1.d4 Nf6 2.Bg5 Ne4 3.h4 d5 4.Nd2 Bf5 5.Nxe4 Bxe4 6.f3 h6 7.Bf4 Bh7 8.e3 e6
9.Bd3 Bxd3 10.Qxd3 c5 11.dxc5 Nd7 12.O-O-O Qa5 13.Kb1 Nxc5 14.Qd4 Rc8 15.Ne2 Na4
16.e4 Qb5 17.b3 Qxe2 18.Qxa4+ b5 19.Rd2 bxa4 20.Rxe2 axb3 21.axb3 dxe4 22.Rxe4 Be7
23.Ra4 O-O 24.Rxa7 Bf6 25.Bc1 Rfd8 26.Ra4 Rd5 27.g4 Rdc5 28.g5 Be5 29.f4 Bc3
30.Rd1 hxg5 31.hxg5 Kh7 32.Rd7 Kg6 33.Raa7 Rh8 34.Rac7 Rxc7 35.Rxc7 Rh3 36.Rc4 f6
37.gxf6 gxf6 38.b4 e5 39.b5 exf4 40.Bxf4 Rh1+ 41.Ka2 Ra1+ 42.Kb3 Be1 43.Ra4 Rb1+
44.Kc4 Rb2 45.c3 Bxc3 46.Kxc3 Rxb5 47.Kc4 Rh5 48.Be3 Rh1 49.Ra2 Rf1 50.Kd5 Rf5+
51.Kd6 Rf3 52.Bd4 Rf1 53.Re2 Kf7 54.Rg2 Rf4 55.Kd5 Rf1 56.Rg3 Rf5+ 57.Ke4 Rf1
58.Bc3 Rf2 59.Bd4 Rf1 60.Ra3 Re1+ 61.Kd5 Rf1 62.Rb3 Rf5+ 63.Ke4 Rf1 64.Rb7+ Kg6
65.Rb6 Kf7 66.Ra6 Kg6 67.Kd5 Kf7 68.Bc3 Rf3 69.Ra7+ Kg6 70.Rc7 Rf1 71.Bd4 Rf3
72.Ke6 Rf4 73.Bc3 Rf3 74.Rc6 Re3+ 75.Kd7 Rf3 76.Ke7 Re3+ 77.Kf8 Rf3 78.Bd4 Rf4
79.Rd6 Rf1 80.Re6 Rf4 81.Be3 Rf5 82.Rd6 Rf3 83.Bd2 Rf2 84.Rd3 Rg2 85.Bc3 f5
86.Bd2 Kh5 87.Kf7 Kg4 88.Rd4+ Kf3 89.Kf6 Rg4 90.Rd5 f4 91.Rd4 Rh4 92.Kg5 Rg4+
93.Kf5 Rg8 94.Bxf4 Rf8+ 95.Ke5 Re8+ 96.Kd5 Rd8+ 97.Bd6 Ke3 98.Rg4 Ra8 99.Rg3+ Kf2
100.Rc3 Rd8 101.Ke5 Ra8 102.Bc5+ Ke2 103.Bd4 Re8+ 104.Kd5 Rd8+ 105.Ke4 Re8+
106.Be5 Kd2 107.Rb3 Rc8 108.Rb6 Re8 109.Rb2+ Kc1 110.Rh2 Re7 111.Kd4 Rf7
112.Kc4 Kd1 113.Bd4 Rf3 114.Bc3 Rf4+ 115.Kb3 Rf3 116.Rg2 Rd3 117.Rf2 Re3
118.Kc4 Re2 119.Rf1+ Kc2 120.Ra1 Re3 121.Ra2+ Kd1 122.Kd4 Re2 123.Ra1+ Kc2
124.Ra8 Re7 125.Ra2+ Kb3 126.Rb2+ Ka3 127.Rb5 Rd7+ 128.Kc4 Rc7+ 129.Kd3 Ka4
130.Rb4+ Ka3 131.Kc2 Rh7 132.Rb5 Rh2+ 133.Bd2 Rh4 134.Rg5 Rc4+ 135.Bc3 Rh4
136.Rf5 Rh2+ 137.Bd2 Rh4 138.Ra5+ Ra4 139.Rh5 Rg4 140.Be1 Re4 141.Bc3 Rg4
142.Bd2 Rc4+ 143.Kd3 Rg4 144.Bc3 Rg3+ 145.Kc4 Rg4+  1/2-1/2

[Event "35th Georgi Tringov Open"]
[Site "Plovdiv BUL"]
[Date "2013.02.03"]
[Round "1.17"]
[White "Vasilev,M"]
[Black "Radeva,Viktoria"]
[Result "1-0"]
[WhiteElo "2473"]
[BlackElo "1762"]

1.d4 Nf6 2.Bg5 Ne4 3.Bf4 d5 4.e3 Nc6 5.Bd3 Nd6 6.c3 e6 7.Nd2 Be7 8.Ngf3 O-O
9.h4 Re8 10.Ne5 Nxe5 11.dxe5 Nf5 12.g4 Nxh4 13.g5 Nf5 14.Qh5 h6 15.g6 fxg6
16.Qxg6 Rf8 17.Rxh6 Qe8 18.Qh7+ Kf7 19.Bxf5 exf5 20.e6+ Bxe6 21.Qg6+ Kg8
22.Qxe6+ Qf7 23.Qxf7+ Rxf7 24.Rh5  1-0

[Event "1st Maksym Yusupov Mem"]
[Site "Lviv UKR"]
[Date "2013.02.04"]
[Round "7.2"]
[White "Soroka,Danylo"]
[Black "Sychevskyy,Andriy"]
[Result "1-0"]
[WhiteElo "2125"]
[BlackElo "2083"]

1.d4 Nf6 2.Bg5 Ne4 3.Bf4 c5 4.f3 Qa5+ 5.c3 Nf6 6.Nd2 cxd4 7.Nb3 Qb6 8.cxd4 d5
9.e3 Bf5 10.Ne2 e6 11.Nc3 Nc6 12.g4 Bg6 13.h4 h6 14.Kf2 Be7 15.Bd3 O-O 16.h5 Bxd3
17.Qxd3 Nh7 18.Qb5 Nb4 19.Ke2 Qd8 20.a3 Nc6 21.Qxb7 Rc8 22.Rac1 Bd6 23.Nb5 Bxf4
24.exf4 Ne7 25.Rxc8 Nxc8 26.Nc5 Nd6 27.Nxd6 Qxd6 28.Nd3 f5 29.Rc1 fxg4 30.Rc7 gxf3+
31.Kf1  1-0

[Event "e2e4 Torquay Open"]
[Site "Torquay ENG"]
[Date "2013.02.08"]
[Round "1"]
[White "Slade,Theodore"]
[Black "Piper,Stephen J"]
[Result "1/2-1/2"]
[WhiteElo "1775"]
[BlackElo "2057"]

1.d4 Nf6 2.Bg5 Ne4 3.Bf4 d5 4.f3 Nf6 5.Nc3 e6 6.e4 Bb4 7.Bd3 c5 8.dxc5 Nc6
9.Ne2 d4 10.a3 Bxc5 11.Na4 Be7 12.c3 e5 13.Bg3 a6 14.cxd4 exd4 15.Rc1 Nh5
16.Bf2 Bg5 17.Rc5 Nf4 18.Nxf4 Bxf4 19.Rd5 Qc7 20.g3 Bd6 21.Bxd4 Nxd4 22.Rxd4 O-O
23.Qc2 b5 24.Qxc7 Bxc7 25.Nc3 Be6 26.f4 Rfd8 27.Rxd8+ Rxd8 28.Ke2 Bg4+ 29.Kd2 Be6
30.Kc2 h5 31.Rd1 Rc8 32.Kb1 Kf8 33.Nd5 Bxd5 34.exd5 Bd6 35.a4 bxa4 36.Bxa6 Ra8
37.Bb5 a3 38.bxa3 Rxa3 39.Kb2 Ra5 40.Bc6 Rc5 41.Re1 g6 42.Kb3 Kg7 43.Re8 h4
44.Re4 hxg3 45.hxg3 Rc1  1/2-1/2

[Event "TCh-CZE Div1 Zapad 2012-13"]
[Site "Czech Republic CZE"]
[Date "2013.02.10"]
[Round "7.3"]
[White "Svatos,J"]
[Black "Netusil,M"]
[Result "1-0"]
[WhiteElo "2284"]
[BlackElo "2323"]

1.d4 Nf6 2.Bg5 Ne4 3.h4 c5 4.d5 Qb6 5.Nd2 Nxd2 6.Bxd2 d6 7.Bc3 e5 8.Nf3 Nd7
9.Nd2 Nf6 10.e4 Bd7 11.a4 g6 12.Be2 Bh6 13.Nc4 Qc7 14.Qd3 Rb8 15.O-O b5 16.axb5 Bxb5
17.f4 Bxc4 18.Qxc4 Qe7 19.fxe5 Be3+ 20.Kh2 Nd7 21.g3 Nxe5 22.Bxe5 Qxe5 23.Qa4+ Kf8
24.Qd7 Qe8 25.Qxd6+ Kg7 26.Qf6+ Kg8 27.Rxa7 Bd4 28.Qf3 f5 29.d6 Rxb2 30.exf5  1-0

[Event "TCh-CZE Div1 Vychod 2012-13"]
[Site "Czech Republic CZE"]
[Date "2013.02.10"]
[Round "7.6"]
[White "Silar,Lu"]
[Black "Rabatin,J"]
[Result "1-0"]
[WhiteElo "2161"]
[BlackElo "2209"]

1.d4 Nf6 2.Bg5 Ne4 3.Bf4 c5 4.f3 Qa5+ 5.c3 Nf6 6.d5 d6 7.e4 g6 8.Nd2 Nbd7
9.Nc4 Qc7 10.a4 b6 11.Nh3 Bg7 12.Qd2 O-O 13.Be2 a6 14.O-O Bb7 15.Bh6 Rfb8
16.Bxg7 Kxg7 17.Qg5 h6 18.Qg3 b5 19.axb5 axb5 20.Ne3 c4 21.Nf5+ Kh7 22.Nd4 Qb6
23.Kh1 Ra4 24.Qh4 Re8 25.g4 Kg7 26.g5 hxg5 27.Qxg5 Rh8 28.Nf4 Ne5 29.Rg1 Rxa1
30.Rxa1 b4 31.Qg1 Nfd7 32.Ra7 Bc8 33.Nf5+ Kf6 34.Qxb6 Nxb6 35.Nxe7 Bd7 36.Nc6 Nxc6
37.dxc6 Bxc6 38.cxb4 Rc8 39.Ra5 Ba8 40.Kg2 Bb7 41.Rb5 Rc6 42.Kf2 Kg7 43.Ke3 Bc8
44.Ra5 Bd7 45.Kd4 Rc8 46.Nd5 Nxd5 47.Rxd5 Be6 48.Rxd6 Rh8 49.Bxc4 Bxc4 50.Kxc4 Rxh2
51.Kc3 Rh3 52.Rd3 Kf6 53.b5 Ke6 54.b6 Rh8 55.Kb4  1-0

[Event "TCh-FIN SM 2012-13"]
[Site "Joensuu FIN"]
[Date "2013.02.10"]
[Round "11.8"]
[White "Mustonen,Tapani"]
[Black "Nieminen,K"]
[Result "0-1"]
[WhiteElo "1917"]
[BlackElo "2140"]

1.d4 Nf6 2.Bg5 Ne4 3.h4 d5 4.Nd2 c5 5.Ngf3 Nc6 6.e3 Bg4 7.c3 f6 8.Bf4 c4
9.Qc2 Bf5 10.Qa4 a6 11.Nxe4 Bxe4 12.Nd2 Bg6 13.g4 b5 14.Qd1 e6 15.h5 Bf7
16.Bg2 Be7 17.e4 O-O 18.a3 e5 19.Be3 exd4 20.cxd4 Rc8 21.exd5 Bxd5 22.Bxd5+ Qxd5
23.Qf3 Rfd8 24.Qxd5+ Rxd5 25.Nf3 Bd8 26.Kd2 Ne5 27.Nh2 Bb6 28.Kc3 Nc6 29.Nf3 Na5
30.Rad1 Nb3 31.Nh4 Kf7 32.Nf5 a5 33.Bf4 Rcd8 34.Rhe1 R8d7 35.Re4 Bd8 36.Ne3 a4
37.Nxd5 Rxd5 38.Ree1 Ba5+ 39.Kc2 Bxe1 40.Rxe1 Nxd4+ 41.Kc3 Ne6 42.Be3 Rd3+
43.Kc2 Nc7 44.Bd2 Nd5 45.g5 Rf3 46.gxf6 gxf6 47.Rg1 Rxf2 48.h6 Ne3+ 49.Kc3 Nf5
50.Rh1 Ng3 51.Rh4 f5 52.Be1 Ne4+ 53.Kd4 Rxb2 54.Ke5 Re2 55.Bb4 c3 56.Kxf5 c2
57.Rg4 c1=Q 58.Rg7+ Ke8 59.Ke6 Qxh6+  0-1

[Event "TCh-CAT Div Hon 2013"]
[Site "Catalonia ESP"]
[Date "2013.02.16"]
[Round "5.6"]
[White "Travesset Ribera,J"]
[Black "Martinez Ramirez,E"]
[Result "1/2-1/2"]
[WhiteElo "2233"]
[BlackElo "2302"]

1.d4 Nf6 2.Bg5 Ne4 3.Bf4 d5 4.e3 e6 5.Bd3 Bd6 6.Ne2 O-O 7.Bxe4 dxe4 8.Nd2 f5
9.Nc4 b6 10.Qd2 Ba6 11.Nxd6 cxd6 12.Qb4 Bxe2 13.Kxe2 Qc7 14.Qxd6 Qxc2+ 15.Kf1 Qxb2
16.Qxe6+ Kh8 17.Rd1 Na6 18.Qb3 Qxb3 19.axb3 Rfc8 20.g4 Nb4 21.Kg2 Nd3 22.gxf5 Rc2
23.Rhf1 Rf8 24.Rxd3 exd3 25.e4 Kg8 26.d5 g6 27.Rd1 gxf5 28.e5 Rd8 29.Rxd3 Rc5
30.d6 Kf7 31.Rh3 Rg8+ 32.Kf1 Re8 33.Rxh7+ Ke6 34.Rh6+ Kd7 35.Rh7+ Ke6 36.Rxa7 Rb5
37.Rh7 Rxb3 38.Rh6+ Kd7 39.Rh7+ Ke6 40.Rh6+ Kd7 41.Rh7+  1/2-1/2

[Event "TCh-CAT Div Hon 2013"]
[Site "Catalonia ESP"]
[Date "2013.02.16"]
[Round "5.2"]
[White "Moskalenko,V1"]
[Black "Fluvia Poyatos,Joa"]
[Result "1-0"]
[WhiteElo "2531"]
[BlackElo "2499"]

1.d4 Nf6 2.Bg5 Ne4 3.Bf4 c5 4.f3 Qa5+ 5.c3 Nf6 6.d5 e6 7.e4 exd5 8.exd5 d6
9.Qd2 Be7 10.c4 Qxd2+ 11.Nxd2 Nh5 12.Be3 f5 13.Ne2 O-O 14.O-O-O Nd7 15.Nc3 Ne5
16.Re1 b6 17.f4 Ng4 18.Nf3 Nxe3 19.Rxe3 Kf7 20.Ng5+ Bxg5 21.fxg5 Bd7 22.Rf3 Kg8
23.Be2 g6 24.Rf2 Ng7 25.h4 Rae8 26.Kd2 Re5 27.g3 Rfe8 28.h5 gxh5 29.Bxh5 R8e7
30.Bf3 Be8 31.Rh6 Bg6 32.Ne2 a6 33.Nf4 Kf7 34.Rh1 b5 35.cxb5 axb5 36.a3 Re3
37.Rhf1 Rb3 38.Kc1 b4 39.axb4 Rxb4 40.Bd1 Kg8 41.Re2 Rbe4 42.Rc2 Rd4 43.Rc3 Be8
44.Bf3 Bb5 45.Rd1 Rc4 46.Rxc4 Bxc4 47.Kd2 Ne8 48.Rc1 Ba6 49.b4 c4 50.Be2 Re4
51.Bf3 Re7 52.Be2 Re4 53.Rc3 Nc7 54.Re3 Rd4+ 55.Kc3 Rxf4 56.gxf4 Nxd5+ 57.Kd4 Nxe3
58.Kxe3 Kg7 59.Kd4 d5 60.Bd1 Bb7 61.Bc2 Kg6 62.b5 Bc8 63.Kxd5 c3 64.Kd4 Kh5
65.b6 Kg4 66.Ke3 Bb7 67.Bb3 Be4 68.Bd1+ Kg3 69.Bc2 Kg2 70.b7 Bxb7 71.Bxf5 Kg3
72.Bxh7 Kg4 73.Bc2 Bd5 74.g6 Be6 75.f5  1-0

[Event "33rd TCh-IND 2013"]
[Site "Hyderabad IND"]
[Date "2013.02.22"]
[Round "3.4"]
[White "Akshat,Kh"]
[Black "Karthik,V4"]
[Result "1-0"]
[WhiteElo "2383"]
[BlackElo "2084"]

1.d4 Nf6 2.Bg5 Ne4 3.Bf4 c5 4.f3 Qa5+ 5.c3 Nf6 6.d5 d6 7.e4 e5 8.Be3 Be7
9.Nd2 Nbd7 10.Bd3 Nf8 11.Ne2 Ng6 12.O-O h5 13.b4 cxb4 14.cxb4 Qd8 15.Rc1 h4
16.Qa4+ Bd7 17.Qa5 Nh5 18.Qc7 Nhf4 19.Nxf4 Nxf4 20.Bxf4 exf4 21.Qxb7 Rb8
22.Qxa7 h3 23.Nb3 Ra8 24.Qc7 Rxa2 25.Rf2 Rxf2 26.Qxd8+ Bxd8 27.Kxf2 Bb6+
28.Kf1 Rh5 29.g4 fxg3 30.hxg3 h2 31.Kg2 Bh3+ 32.Kh1 Be3 33.Ra1 Bg1 34.Rxg1 hxg1=Q+
35.Kxg1 Bd7 36.Nd4 Kd8 37.Bb5 Bc8 38.Bc6 Rh6 39.b5 Kc7 40.Be8 Kb6 41.Bxf7 Kc5
42.Ne6+ Kb6 43.Kg2 Rf6 44.Bg8 Kxb5 45.g4 g5 46.Nxg5 Bxg4 47.fxg4 Rg6 48.Be6 Rxg5
49.Kg3 Rg7 50.Kf4 Kc5 51.Kf5 Kd4 52.g5 Rh7 53.g6 Rh1 54.g7 Rf1+ 55.Kg5  1-0

[Event "Moscow Gov Cup A Rapid KO"]
[Site "Moscow RUS"]
[Date "2013.02.23"]
[Round "1.3"]
[White "Konenkin,D"]
[Black "Gumirov,K"]
[Result "1/2-1/2"]
[WhiteElo "2282"]
[BlackElo "2007"]

1.d4 Nf6 2.Bg5 Ne4 3.Bh4 g5 4.f3 gxh4 5.fxe4 Bh6 6.Nc3 c6 7.Nf3 d5 8.exd5 cxd5
9.Qd3 Nc6 10.e3 a6 11.Nxh4 Nb4 12.Qd2 e5 13.Nf3 Bf5 14.Rc1 O-O 15.a3 Nc6
16.dxe5 d4 17.Nd1 dxe3 18.Nxe3 Qxd2+ 19.Kxd2 Be4 20.Ke2 Rfe8 21.Re1 Nxe5
22.Nxe5 Rxe5 23.Kf2 Rae8 24.Bc4 b5 25.Bb3 Bg6 26.Nd5 Kg7 27.Rxe5 Rxe5 28.Rd1 a5
29.Nc7 a4 30.Ba2 Bxc2 31.Rd5 Be3+ 32.Ke2 Rxd5 33.Bxd5 Bd4 34.Nxb5 Bxb2 35.Kd2 Bf5
36.Bc6 Be5 37.g3 Bb2 38.Nd6 Be6 39.Bxa4 Bxa3 40.Ne4 Bb4+ 41.Ke3 f5 42.Ng5 Bd5
43.Bc2 Kg6 44.Nf3 Bc5+ 45.Ke2 Bxf3+ 46.Kxf3 Bg1 47.Kg2 Be3 48.g4 Kg5 49.gxf5 h5
50.Kf3 Bd4 51.h3 Kh4 52.Kg2 Be5 53.Bd1 Bd4 54.Bf3 Be5  1/2-1/2

[Event "Moscow Gov Cup A Rapid KO"]
[Site "Moscow RUS"]
[Date "2013.02.23"]
[Round "2.2"]
[White "Mischuk,D"]
[Black "Agapov,Sergey"]
[Result "1-0"]
[WhiteElo "2330"]
[BlackElo "2265"]

1.d4 Nf6 2.Bg5 Ne4 3.h4 h6 4.Bf4 d5 5.Nf3 c6 6.e3 Qb6 7.Qc1 Bf5 8.Bd3 e6
9.O-O Nd7 10.a4 a5 11.Na3 Be7 12.c4 Bg4 13.Qc2 Bxf3 14.gxf3 Nef6 15.Bg3 O-O
16.Kg2 Qd8 17.Rad1 Re8 18.Rh1 Bf8 19.f4 c5 20.Nb5 cxd4 21.Nxd4 Nc5 22.Nf3 Qb6
23.f5 Rac8 24.fxe6 fxe6 25.Bg6 Red8 26.Ne5 Nce4 27.Bf4 Bd6 28.b3 Bxe5 29.Bxe5 dxc4
30.Rxd8+ Rxd8 31.Bxe4 cxb3 32.Qb1 Qb4 33.Bxf6 gxf6 34.Bh7+ Kf8 35.Qg6 Rd7
36.Qxf6+ Rf7 37.Qh8+ Ke7 38.Rd1 Qb6 39.Bg6 Qc6+ 40.Kg1 Qf3 41.Qd8+  1-0

[Event "Moscow Gov Cup A Rapid KO"]
[Site "Moscow RUS"]
[Date "2013.02.23"]
[Round "3.2"]
[White "Agapov,Sergey"]
[Black "Gumirov,K"]
[Result "1-0"]
[WhiteElo "2265"]
[BlackElo "2007"]

1.d4 Nf6 2.Bg5 Ne4 3.h4 c6 4.Nd2 Qa5 5.Nf3 h6 6.Bf4 d5 7.c3 Nxd2 8.Qxd2 Nd7
9.Ne5 Nf6 10.f3 Bf5 11.g4 Bh7 12.e3 e6 13.Bh3 Nd7 14.Nd3 f6 15.g5 fxg5 16.hxg5 hxg5
17.Bxg5 Be7 18.Bxe7 Kxe7 19.Nf4 Nf8 20.Qg2 Rg8 21.Qg5+ Kd7 22.Nxe6 Nxe6 23.Bxe6+ Kxe6
24.Rxh7 Qc7 25.Qg6+ Kd7 26.Rxg7+ Rxg7 27.Qxg7+ Kc8 28.Qf8+ Qd8 29.Qxd8+ Kxd8
30.Ke2 Ke7 31.Rh1 Rb8 32.e4 Kf6 33.Ke3 Kg6 34.Rg1+ Kf6 35.Kf4  1-0

[Event "TCh-CZE Div1 Vychod 2012-13"]
[Site "Czech Republic CZE"]
[Date "2013.02.24"]
[Round "8.2"]
[White "Pisk,P"]
[Black "Jasny,S"]
[Result "1/2-1/2"]
[WhiteElo "2389"]
[BlackElo "2307"]

1.d4 Nf6 2.Bg5 Ne4 3.Bf4 e6 4.Nd2 d5 5.e3 Be7 6.Bd3 f5 7.h4 O-O 8.Ngf3 c5
9.c3 Nc6 10.h5 Bd7 11.Ne5  1/2-1/2

[Event "ch-Central Serbia 2013"]
[Site "Pozarevac SRB"]
[Date "2013.02.24"]
[Round "9.7"]
[White "Radovanovic,D"]
[Black "Nestorovic,N"]
[Result "1/2-1/2"]
[WhiteElo "2387"]
[BlackElo "2409"]

1.d4 Nf6 2.Bg5 Ne4 3.Bf4 c5 4.f3 Qa5+ 5.c3 Nf6 6.d5 d6 7.e4 g6 8.Na3 Bg7
9.Qd2 Qd8 10.Ne2 a6 11.Ng3 Nbd7 12.Be2 b5 13.O-O h5 14.h3 h4 15.Nh1 Nh5 16.Be3 f5
17.exf5 gxf5 18.f4 Ndf6 19.Qd1 Bb7 20.Bf3 Kf8 21.Qd3 Qd7 22.Rae1 Ne4 23.Bxe4 fxe4
24.Qxe4 Nf6 25.Qd3 Bxd5 26.f5 Rh5 27.c4 Bc6 28.b3 Kg8 29.Nb1 Be4 30.Qe2 Rxf5
31.Nd2 Bc6 32.Nf3 Bxf3 33.Rxf3 Rf8 34.Rxf5 Qxf5 35.Rf1 Qh5 36.Qd3 b4 37.Nf2 Qh7
38.Qd1 Qg6 39.Re1 Rf7 40.Qd2 Kh7 41.Qe2 Nh5 42.Qg4 Qxg4 43.hxg4 Ng3 44.Nh3 Bc3
45.Ng5+ Kg6 46.Nxf7 Bxe1 47.Ng5 Bc3 48.Nf3 Bf6 49.g5 Bd4 50.Nxh4+ Kh5 51.Bxd4 Ne2+
52.Kf2 Nxd4 53.g6 Kh6 54.Ke3 e6 55.g4 Nc6 56.Ke4 Ne7 57.Nf3 Kxg6 58.Kf4 Kf6
59.g5+ Kf7 60.Kg4 Nc6 61.Kh5 Ne5 62.Nd2 d5 63.Kh6 Ng6 64.Kh7 Nf8+ 65.Kh6 Ng6
66.Kh7 a5 67.Nf3 d4 68.Ne1 Nf8+ 69.Kh6 e5 70.Nd3 Ke6 71.g6 Nxg6 72.Kxg6 e4
73.Nxc5+ Ke5 74.Nd7+ Kd6 75.Nf6 e3 76.Ne4+ Ke5 77.Nc5 e2 78.Kg5 e1=N 79.Nd7+ Ke6
80.Nc5+ Ke5 81.Nd7+ Ke6 82.Nc5+ Kd6 83.Ne4+ Ke5 84.Nd2 d3 85.Kg4 Kd4 86.Kf4 Nc2
87.Nf3+ Kc3 88.Ke5 Ne1 89.Ng5 d2 90.Ne4+ Kc2 91.Nxd2 Kxd2 92.c5 Nf3+ 93.Kd5 Nh4
94.Ke6 Nf3 95.c6 Nd4+ 96.Kd5 Nf5 97.c7 Ne7+ 98.Kc5 Kc3 99.Kb5 Kd4 100.Kxa5 Kc5
101.Ka4 Nc8 102.Ka5 Kc6  1/2-1/2

[Event "29th ChessOrg Open"]
[Site "Bad Woerishofen GER"]
[Date "2013.03.01"]
[Round "1.5"]
[White "Gulde,Jo"]
[Black "Gutman,L"]
[Result "0-1"]
[WhiteElo "2028"]
[BlackElo "2470"]

1.d4 Nf6 2.Bg5 Ne4 3.h4 c5 4.dxc5 Nxc5 5.c3 d5 6.Nf3 Nc6 7.Nbd2 f6 8.Be3 e5
9.Bxc5 Bxc5 10.e4 Qb6 11.Bd3 Bxf2+ 12.Kf1 Bg3 13.Qe2 Ne7 14.exd5 Nxd5 15.Nc4 Qc5
16.b4 Qe7 17.Rc1 Nf4 18.Qc2 Nxd3 19.Qxd3 e4 20.Qd5 exf3 21.gxf3 Be6 22.Qb5+ Qd7
23.Qxd7+ Kxd7 24.Rg1 Bxc4+  0-1

[Event "Zagreb Open A 2013"]
[Site "Zagreb CRO"]
[Date "2013.03.01"]
[Round "5.15"]
[White "Brumen,D"]
[Black "Raljic,M"]
[Result "1-0"]
[WhiteElo "2355"]
[BlackElo "2052"]

1.d4 Nf6 2.Bg5 Ne4 3.Bf4 c5 4.f3 Qa5+ 5.c3 Nf6 6.d5 Qb6 7.b3 e6 8.e4 exd5
9.exd5 d6 10.a4 Be7 11.Nd2 O-O 12.Nc4 Qc7 13.a5 Nbd7 14.Ne2 Re8 15.Ng3 Bf8+
16.Be2 b5 17.axb6 Nxb6 18.Ne3 Rxe3 19.Bxe3 Nbxd5 20.Bd2 Qe7 21.Qc1 h5 22.O-O Rb8
23.Re1 h4 24.Bc4 Qb7 25.Ne4 Nxe4 26.fxe4 Nb6 27.Ba6 Qd7 28.Bxc8 Nxc8 29.Qd1 Qe6
30.b4 c4 31.Qh5 Be7 32.Re3 Bf6 33.Rf1 Ne7 34.Rd1 Ng6 35.Be1 Nf4 36.Qf5 Qxf5
37.exf5 Nd3 38.Rexd3 cxd3 39.Rxd3 Rb5 40.Rxd6 Rxf5 41.Ra6 Re5 42.Kf1 Re7
43.c4 Rc7 44.c5 Be7 45.c6 g5 46.b5 Bc5 47.Bf2 Bxf2 48.Kxf2 Kf8 49.Rxa7  1-0

[Event "45th Belgrade WGM"]
[Site "Belgrade SRB"]
[Date "2013.03.04"]
[Round "2.3"]
[White "Benderac,A"]
[Black "Miladinovic,L"]
[Result "1-0"]
[WhiteElo "2226"]
[BlackElo "2116"]

1.d4 Nf6 2.Bg5 Ne4 3.Bf4 d5 4.Nd2 Nd6 5.e3 e6 6.Ngf3 Be7 7.Be2 O-O 8.O-O b6
9.c4 dxc4 10.Nxc4 Nxc4 11.Bxc4 Bb7 12.Qe2 Bd6 13.Bg3 Nc6 14.Rac1 Qf6 15.Rfd1 Na5
16.Bd3 Bxf3 17.Qxf3 Qe7 18.a3 Rab8 19.b4 Nb7 20.Ba6 Nd8 21.Bd3 f6 22.Rc2 Nf7
23.Rdc1 e5 24.h4 Kh8 25.Qh5 Nh6 26.b5 Rbd8 27.dxe5 fxe5 28.Be4 Rf7 29.a4 Rdf8
30.Qe2 Nf5 31.Bxf5 Rxf5 32.e4 R5f7 33.f3 Qe6 34.Rc6 Re7 35.Bf2 Qg6 36.R1c3 h6
37.Rd3 Re6 38.a5 Bb4 39.Rxc7 Bxa5 40.Rxa7 Rd6 41.Rd7 Rxd7 42.Rxd7 Rc8 43.Qd1 Qf6
44.Qd6 Qf4 45.Rd8+ Rxd8 46.Qxd8+ Kh7 47.Qc8 Qd2 48.Qf5+ Kh8 49.Qxe5 Qc1+
50.Kh2 Be1 51.Bd4  1-0

[Event "Zagreb Open A 2013"]
[Site "Zagreb CRO"]
[Date "2013.03.04"]
[Round "9.1"]
[White "Brumen,D"]
[Black "Zelcic,R"]
[Result "0-1"]
[WhiteElo "2355"]
[BlackElo "2543"]

1.d4 Nf6 2.Bg5 Ne4 3.Bf4 c5 4.f3 Nf6 5.d5 Nh5 6.Be3 e5 7.Nc3 d6 8.g4 Nf4
9.Qd2 Be7 10.Bf2 h5 11.e3 Ng6 12.gxh5 Rxh5 13.O-O-O Nd7 14.Nge2 Nf6 15.Ng3 Rh6
16.Bb5+ Bd7 17.Nf5 Rh3 18.Bd3 Bxf5 19.Bxf5 Rxf3 20.Bxg6 fxg6 21.Qe2 Rh3 22.Rdg1 Rh6
23.Rg2 Nh7 24.h4 Qd7 25.Rhg1 Nf8 26.Rg4 O-O-O 27.a4 Kb8 28.a5 a6 29.Kb1 Qc7
30.Ra4 Nd7 31.Be1 Rdh8 32.Rgg4 Qd8 33.Qg2 g5 34.hxg5 Rh1 35.Qd2 R8h2 36.Ne2 Qf8
37.Ka2 Qf3 38.Ng1 Rxg1 39.Qxh2 Rxg4 40.Qh8+ Bf8 41.Rxg4 Qxg4 42.g6 Qc4+ 43.Ka3 Qxc2
44.Qh4 Kc7  0-1

[Event "Zagreb Open A 2013"]
[Site "Zagreb CRO"]
[Date "2013.03.04"]
[Round "9.9"]
[White "Mihalincic,T"]
[Black "Zaja,I"]
[Result "0-1"]
[WhiteElo "2275"]
[BlackElo "2483"]

1.d4 Nf6 2.Bg5 Ne4 3.Bf4 d6 4.f3 Nf6 5.e4 g6 6.Nc3 Bg7 7.Qd2 c6 8.Bc4 d5
9.exd5 cxd5 10.Bb3 Nc6 11.g4 O-O 12.Nge2 Re8 13.O-O-O a5 14.g5 Nh5 15.Bxd5 Nb4
16.Bc4 Bf5 17.Bb3 Nxf4 18.Nxf4 b5 19.Ne4 Qc7 20.Ne2 Red8 21.a3 Nc6 22.d5 Ne5
23.Qe3 a4 24.Ba2 Nc4 25.Bxc4 Qxc4 26.N2c3 b4 27.axb4 Qxb4 28.Qc5 Qxc5 29.Nxc5 a3
30.N5e4 axb2+ 31.Kd2 Ra3 32.Nb1 Rxf3 33.Nec3 Rf2+  0-1